JetPunker Quiz - KiloNova - Statistics

General Stats
  • This quiz has been taken 5 times
  • The average score is 9 of 15
Answer Stats
Hint Answer % Correct
Quiz: How good are your ____? Eyes
100%
Language he translated his most taken quiz to Spanish
100%
Country KiloNova lives in United States
100%
His quizmaker Rank to the nearest hundred 700
80%
Capybarra blog that he won Country Showdown
80%
Quiz: Guess the Mystery Country by ________ Clues Directional
80%
Which subdivision? Texas
80%
Newest Blog: JetPunk _______ Dictionary
60%
His HTML Series: ______ Simple
60%
His quiz takes, to the nearest ten thousand 90000
40%
Most popular quiz: Pixel Art Mystery Picture: _____ Flags
40%
Birth month May
40%
Only region of the USA he hasn't been to Northeast
40%
Multiple choice city quiz that he made Toronto
40%
Quiz:____- Sudden Death Food
0%
No matching quizzes found
Score Distribution
Percent of People with Each Score
Percentile by Number Answered
Your Score History
You have not taken this quiz